| 000 | 00644 a2200181 4500 | ||
|---|---|---|---|
| 999 |
_c183395 _d183395 |
||
| 005 | 20211229105101.0 | ||
| 010 | _aENG-130585 | ||
| 020 |
_a978-934-5460-019-7 _c295.00 |
||
| 035 | _aEN-114117 | ||
| 037 | _bDBAD/PUB | ||
| 082 | _a808.84 | ||
| 100 | _aSingh, Ramesh | ||
| 245 |
_aContemporary Essay: _bFor Civil Services, State Services and other Competitive Examinations/ _cRamesh Singh |
||
| 260 |
_aChennai _bMcGraw Hill Education(india) Private Limited _c2022 |
||
| 270 |
_aAnjana Complex No.5 /90 A, Butt Road, St. Thomas Mount _bChennai _e600016 |
||
| 300 |
_a361p. _c23cm (pbk) |
||
| 942 |
_adpl _cEN _2ddc _h808.84 _mSIN |
||